000 00636nam a2200193Ia 4500
003 GCL
008 140319s9999 xx 000 0 ara d
040 _aGCL /
_cGCL
082 0 4 _a372.24
_bص ب
100 1 _aصبرى الفضل
245 1 0 _aبيت الاباء والابناء: حلول جديدة لمشاكل قديمة /
_cصبرى الفضل
300 _a175 ص
490 _aالهيئة العامة للاستعلامات
_v0
650 0 4 _aالاباء والابناء
650 0 4 _aالاطفال - علم نفس
650 0 4 _aالاطفال - رعاية
650 0 4 _aالاطفال - تربية
942 _2ddc
_cBK
999 _c49033
_d49033